|
|
|
|
| LEADER |
00705nam a2200169 a 4500 |
| 005 |
20151026130441.0 |
| 008 |
960221s1955 dcuabcdjdbkoqu001 0deng d |
| 003 |
ViArRB |
| 100 |
|
|
|a Rose, Frank
|
| 245 |
|
|
|a Into the heart of the mind: an American quest for artificial intelligence
|
| 260 |
|
|
|a New Delhi
|b Wiley Eastern
|c 1984
|
| 300 |
|
|
|a 209p.
|
| 500 |
|
|
|a
|
| 653 |
|
|
|a AI (Artificial intelligence)
|a Electronic brains
|a Intelligence, Artificial
|a Machine intelligence
|a Artificial intelligence
|a Expert systems
|a Bionics
|a Electronic data procressing
|a Computer science
|
| 942 |
|
|
|c BK
|6 _
|
| 999 |
|
|
|c 5629
|d 5629
|
| 952 |
|
|
|0 0
|1 0
|2 udc
|4 0
|6 004_ROS
|7 0
|9 17022
|a UL
|b UL
|d 2010-06-16
|o 004 ROS
|p 00034884
|r 2010-06-16
|w 2010-06-16
|y BK
|